000
00294nam a2200109Ia 4500
008
190802s9999 xx 000 0 und d
100
_a
Dr. Tahir Nayyar
245
0
_a
Urdu Shayari main Pakistani Qomyat ka Izhaar
260
_a
Karachi
_b
Anjuman Tarakki Urdu
_c
1999
300
_a
478:p
942
_c
BK
999
_c
2486
_d
2486